书目信息 |
| 题名: |
左学右练英语翻译写作 2
|
|
| 作者: | 赵世平 主编 | |
| 分册: | 第二册 | |
| 出版信息: | 西安 西安交通大学出版社 2000.11 |
|
| 页数: | 224页 | |
| 开本: | 26cm | |
| 丛书名: | ||
| 单 册: | ||
| 中图分类: | H315.9 | |
| 科图分类: | ||
| 主题词: | 英语 | |
| 电子资源: | ||
| ISBN: | 7-5605-1312-3 | |
| 000 | 00579nam0 2200193 45 | |
| 001 | 0431189272 | |
| 005 | 2004042808394894 | |
| 010 | @a7-5605-1312-3@dCNY 18.00 | |
| 100 | @a20040428d2000 km y0chiy0120 ea | |
| 101 | 0 | @achi |
| 102 | @aCN@b610000 | |
| 200 | 1 | @a左学右练英语翻译写作 2@AZuo Xue You Lian Ying Yu Fan Yi Xie Zuo 2@f赵世平主编@FZhao Shi Ping Zhu Bian@h第二册 |
| 210 | @a西安@c西安交通大学出版社@d2000.11 | |
| 215 | @a224页@d26cm | |
| 606 | 0 | @a英语 |
| 690 | @aH315.9@v3 | |
| 701 | 0 | @a赵世平@AZhao Shi Ping@4主编 |
| 801 | 0 | @aCN@bPFT@c20040428 |
| 905 | @dH315.9@eZ324:2 | |
| 左学右练英语翻译写作 2/赵世平主编.第二册.-西安:西安交通大学出版社,2000.11 |
| 224页;26cm |
| ISBN 7-5605-1312-3:CNY 18.00 |
| ● |
| 相关链接 |
|
|
|
正题名:左学右练英语翻译写作 2
索取号:H315.9/Z324:2
 
预约/预借
| 序号 | 登录号 | 条形码 | 馆藏地/架位号 | 状态 | 备注 |
| 1 | 382925 | 203829250 | 语言库209/ [索取号:H315.9/Z324:2] | 在馆 | |
| 2 | 382926 | 203829269 | 语言库209/209语言库 40排2列1层/ [索取号:H315.9/Z324:2] | 在馆 | |
| 3 | 382927 | 203829278 | 语言库209/ [索取号:H315.9/Z324:2] | 在馆 |